<?xml version="1.0" encoding="UTF-8"?>
<collection xmlns="http://www.loc.gov/MARC21/slim">
 <record>
  <leader>04273cam a2200805 c 4500</leader>
  <controlfield tag="001">640814212</controlfield>
  <controlfield tag="003">DE-627</controlfield>
  <controlfield tag="005">20250618145532.0</controlfield>
  <controlfield tag="007">tu</controlfield>
  <controlfield tag="008">101201s2009    bl |||||      00| ||por c</controlfield>
  <datafield tag="010" ind1=" " ind2=" ">
   <subfield code="a">  2013337875</subfield>
  </datafield>
  <datafield tag="020" ind1=" " ind2=" ">
   <subfield code="a">9788573156256</subfield>
   <subfield code="q">pbk.</subfield>
  </datafield>
  <datafield tag="020" ind1=" " ind2=" ">
   <subfield code="a">8573156252</subfield>
   <subfield code="q">pbk.</subfield>
  </datafield>
  <datafield tag="035" ind1=" " ind2=" ">
   <subfield code="a">(DE-627)640814212</subfield>
  </datafield>
  <datafield tag="035" ind1=" " ind2=" ">
   <subfield code="a">(DE-576)9640814210</subfield>
  </datafield>
  <datafield tag="035" ind1=" " ind2=" ">
   <subfield code="a">(DE-599)GBV640814212</subfield>
  </datafield>
  <datafield tag="035" ind1=" " ind2=" ">
   <subfield code="a">(OCoLC)846190997</subfield>
  </datafield>
  <datafield tag="040" ind1=" " ind2=" ">
   <subfield code="a">DE-627</subfield>
   <subfield code="b">ger</subfield>
   <subfield code="c">DE-627</subfield>
   <subfield code="e">rakwb</subfield>
  </datafield>
  <datafield tag="041" ind1=" " ind2=" ">
   <subfield code="a">por</subfield>
  </datafield>
  <datafield tag="044" ind1=" " ind2=" ">
   <subfield code="c">XD-BR</subfield>
  </datafield>
  <datafield tag="050" ind1=" " ind2="0">
   <subfield code="a">SB451</subfield>
  </datafield>
  <datafield tag="245" ind1="0" ind2="0">
   <subfield code="a">Jardins históricos</subfield>
   <subfield code="b">brasileiros e mexicanos = Jardines históricos: brasileños y mexicanos</subfield>
   <subfield code="c">Ana Rita Sá Carneiro, Ramona Isabel Pérez Bertruy (orgs.)</subfield>
  </datafield>
  <datafield tag="246" ind1="3" ind2="1">
   <subfield code="a">Jardines históricos: brasileños y mexicanos</subfield>
  </datafield>
  <datafield tag="246" ind1="3" ind2="3">
   <subfield code="a">Jardines históricos: brasileños y mexicanos</subfield>
  </datafield>
  <datafield tag="264" ind1=" " ind2="1">
   <subfield code="a">Recife, PE</subfield>
   <subfield code="b">EDUFPE</subfield>
   <subfield code="c">c2009</subfield>
  </datafield>
  <datafield tag="264" ind1=" " ind2="1">
   <subfield code="a">México, D.F.</subfield>
   <subfield code="b">Univ. Autónoma Metropolitana, Unidad Azcapotzalco</subfield>
   <subfield code="c">c2009</subfield>
  </datafield>
  <datafield tag="300" ind1=" " ind2=" ">
   <subfield code="a">642 p</subfield>
   <subfield code="b">ill</subfield>
   <subfield code="c">22 cm</subfield>
  </datafield>
  <datafield tag="336" ind1=" " ind2=" ">
   <subfield code="a">Text</subfield>
   <subfield code="b">txt</subfield>
   <subfield code="2">rdacontent</subfield>
  </datafield>
  <datafield tag="337" ind1=" " ind2=" ">
   <subfield code="a">ohne Hilfsmittel zu benutzen</subfield>
   <subfield code="b">n</subfield>
   <subfield code="2">rdamedia</subfield>
  </datafield>
  <datafield tag="338" ind1=" " ind2=" ">
   <subfield code="a">Band</subfield>
   <subfield code="b">nc</subfield>
   <subfield code="2">rdacarrier</subfield>
  </datafield>
  <datafield tag="500" ind1=" " ind2=" ">
   <subfield code="a">Includes bibliographical references</subfield>
  </datafield>
  <datafield tag="505" ind1="8" ind2="0">
   <subfield code="t">Acolhendo a diversidade: o jardim seiscentista de Maurício de Nassau e a paisagem americana</subfield>
   <subfield code="r">Maria Angélica Silva</subfield>
  </datafield>
  <datafield tag="505" ind1="8" ind2="0">
   <subfield code="t">Arestauração do passeio público do Rio de Janeiro</subfield>
   <subfield code="r">Jeanne A. Trindade</subfield>
  </datafield>
  <datafield tag="505" ind1="8" ind2="0">
   <subfield code="t">Acriação di uma identidade na paisagem do Rio de Janeiro no século XIX: o campo de Santana como exemplo</subfield>
   <subfield code="r">Carlos G. Terra</subfield>
  </datafield>
  <datafield tag="505" ind1="8" ind2="0">
   <subfield code="t">Aconstrução da paisagem do jardim botânico do Rio de Janeiro no século XIX</subfield>
   <subfield code="r">Ana Rosa de O. Oliveira, Cláudia Beatriz Heynemann, Maria Lúcia de Niemeyer M. Loureiro</subfield>
  </datafield>
  <datafield tag="505" ind1="8" ind2="0">
   <subfield code="t">Para além da arquitectura: Ramos de Azevado e os projetos de jardins para campinas</subfield>
   <subfield code="r">Siomara B.S. de Lima</subfield>
  </datafield>
  <datafield tag="505" ind1="8" ind2="0">
   <subfield code="t">Olugar do jardim: debates sobre a criação de uma paisagem moderna e brasileira</subfield>
   <subfield code="r">Fabiano L. Oliveira</subfield>
  </datafield>
  <datafield tag="505" ind1="8" ind2="0">
   <subfield code="t">Arestauração do jardim das cactáceas de Burle Marx no Recife, Brasil</subfield>
   <subfield code="r">Ana Rita Sa Carneiro</subfield>
  </datafield>
  <datafield tag="505" ind1="8" ind2="0">
   <subfield code="t">Trajetórias e conflitos na construção, preservação e conservação do Parque do Flamengo, Rio de Janeiro</subfield>
   <subfield code="r">Denise Pinheiro da Costa Monteiro e V. Rubens de Andrade</subfield>
  </datafield>
  <datafield tag="505" ind1="8" ind2="0">
   <subfield code="t">Modernismo e preservação: jardins históricos e valor documental</subfield>
   <subfield code="r">Maria José de A. Marcondes</subfield>
  </datafield>
  <datafield tag="505" ind1="8" ind2="0">
   <subfield code="t">Entre o documental e o sugestico: o jardim da casa de Dona Yayá</subfield>
   <subfield code="r">Vladimir Bartalini.</subfield>
  </datafield>
  <datafield tag="546" ind1=" " ind2=" ">
   <subfield code="a">Texts in Portuguese and Spanish, one after the other</subfield>
  </datafield>
  <datafield tag="650" ind1=" " ind2="0">
   <subfield code="a">Historic gardens</subfield>
   <subfield code="z">Brazil</subfield>
  </datafield>
  <datafield tag="650" ind1=" " ind2="0">
   <subfield code="a">Historic gardens</subfield>
   <subfield code="z">Mexico</subfield>
  </datafield>
  <datafield tag="650" ind1=" " ind2="0">
   <subfield code="a">Gardens</subfield>
   <subfield code="z">Brazil</subfield>
   <subfield code="v">Congresses</subfield>
  </datafield>
  <datafield tag="650" ind1=" " ind2="0">
   <subfield code="a">Gardens</subfield>
   <subfield code="z">Mexico</subfield>
   <subfield code="v">Congresses</subfield>
  </datafield>
  <datafield tag="650" ind1=" " ind2="0">
   <subfield code="a">Landscape gardening</subfield>
   <subfield code="z">Brazil</subfield>
   <subfield code="x">History</subfield>
   <subfield code="v">Congresses</subfield>
  </datafield>
  <datafield tag="650" ind1=" " ind2="0">
   <subfield code="a">Landscape gardening</subfield>
   <subfield code="z">Mexico</subfield>
   <subfield code="x">History</subfield>
   <subfield code="v">Congresses</subfield>
  </datafield>
  <datafield tag="655" ind1=" " ind2="7">
   <subfield code="a">Aufsatzsammlung</subfield>
   <subfield code="0">(DE-588)4143413-4</subfield>
   <subfield code="0">(DE-627)105605727</subfield>
   <subfield code="0">(DE-576)209726091</subfield>
   <subfield code="2">gnd-content</subfield>
  </datafield>
  <datafield tag="689" ind1="0" ind2="0">
   <subfield code="d">g</subfield>
   <subfield code="0">(DE-588)4008003-1</subfield>
   <subfield code="0">(DE-627)106370383</subfield>
   <subfield code="0">(DE-576)208873732</subfield>
   <subfield code="a">Brasilien</subfield>
   <subfield code="2">gnd</subfield>
  </datafield>
  <datafield tag="689" ind1="0" ind2="1">
   <subfield code="d">s</subfield>
   <subfield code="0">(DE-588)4019286-6</subfield>
   <subfield code="0">(DE-627)10458971X</subfield>
   <subfield code="0">(DE-576)20892888X</subfield>
   <subfield code="a">Garten</subfield>
   <subfield code="2">gnd</subfield>
  </datafield>
  <datafield tag="689" ind1="0" ind2="2">
   <subfield code="d">s</subfield>
   <subfield code="0">(DE-588)4146403-5</subfield>
   <subfield code="0">(DE-627)105584185</subfield>
   <subfield code="0">(DE-576)209748877</subfield>
   <subfield code="a">Botanischer Garten</subfield>
   <subfield code="2">gnd</subfield>
  </datafield>
  <datafield tag="689" ind1="0" ind2="3">
   <subfield code="d">s</subfield>
   <subfield code="0">(DE-588)4044673-6</subfield>
   <subfield code="0">(DE-627)104466804</subfield>
   <subfield code="0">(DE-576)20906188X</subfield>
   <subfield code="a">Park</subfield>
   <subfield code="2">gnd</subfield>
  </datafield>
  <datafield tag="689" ind1="0" ind2="4">
   <subfield code="a">z</subfield>
   <subfield code="2">gnd</subfield>
   <subfield code="a">Geschichte</subfield>
  </datafield>
  <datafield tag="689" ind1="0" ind2=" ">
   <subfield code="5">(DE-627)</subfield>
  </datafield>
  <datafield tag="689" ind1="1" ind2="0">
   <subfield code="d">g</subfield>
   <subfield code="0">(DE-588)4039058-5</subfield>
   <subfield code="0">(DE-627)106229710</subfield>
   <subfield code="0">(DE-576)209033096</subfield>
   <subfield code="a">Mexiko</subfield>
   <subfield code="2">gnd</subfield>
  </datafield>
  <datafield tag="689" ind1="1" ind2=" ">
   <subfield code="5">(DE-627)</subfield>
  </datafield>
  <datafield tag="700" ind1="1" ind2=" ">
   <subfield code="a">Carneiro, Ana Rita Sá</subfield>
   <subfield code="0">(DE-588)133849201</subfield>
   <subfield code="0">(DE-627)557121760</subfield>
   <subfield code="0">(DE-576)300146787</subfield>
   <subfield code="4">oth</subfield>
  </datafield>
  <datafield tag="700" ind1="1" ind2=" ">
   <subfield code="a">Pérez Bertruy, Ramona Isabel</subfield>
   <subfield code="4">oth</subfield>
  </datafield>
  <datafield tag="787" ind1="0" ind2="8">
   <subfield code="i">Rezensiert in</subfield>
   <subfield code="a">Morales Folguera, José Miguel</subfield>
   <subfield code="t">[Rezension von: Ana Rita Sá Carneiro y Ramona Pérez Bertruy, Jardines históricos brasileños y mexicanos]</subfield>
   <subfield code="d">2010</subfield>
   <subfield code="w">(DE-627)1928557643</subfield>
  </datafield>
  <datafield tag="856" ind1="4" ind2="2">
   <subfield code="u">http://www.gbv.de/dms/spk/iai/toc/640814212.pdf</subfield>
   <subfield code="m">V:DE-601</subfield>
   <subfield code="m">B:DE-204</subfield>
   <subfield code="q">pdf/application</subfield>
   <subfield code="v">2010-12-31</subfield>
   <subfield code="x">Verlag</subfield>
   <subfield code="y">Inhaltsverzeichnis</subfield>
   <subfield code="3">Inhaltsverzeichnis</subfield>
   <subfield code="7">1</subfield>
  </datafield>
  <datafield tag="951" ind1=" " ind2=" ">
   <subfield code="a">BO</subfield>
  </datafield>
  <datafield tag="990" ind1=" " ind2=" ">
   <subfield code="a">Brasilien</subfield>
  </datafield>
  <datafield tag="990" ind1=" " ind2=" ">
   <subfield code="a">Garten</subfield>
  </datafield>
  <datafield tag="990" ind1=" " ind2=" ">
   <subfield code="a">Botanischer Garten</subfield>
  </datafield>
  <datafield tag="990" ind1=" " ind2=" ">
   <subfield code="a">Park</subfield>
  </datafield>
  <datafield tag="990" ind1=" " ind2=" ">
   <subfield code="a">Geschichte</subfield>
  </datafield>
  <datafield tag="990" ind1=" " ind2=" ">
   <subfield code="a">Mexiko</subfield>
  </datafield>
  <datafield tag="991" ind1=" " ind2=" ">
   <subfield code="a">Rezensiertes Werk</subfield>
  </datafield>
  <datafield tag="999" ind1=" " ind2=" ">
   <subfield code="a">KXP-PPN640814212</subfield>
   <subfield code="e">4928357019</subfield>
  </datafield>
 </record>
</collection>
